000 00505cam a2200193 4500
001 D14430
008 090401t1893 xxu||||| |||| 00| 0 eng d
035 _a(Sirsi) u15665
041 _aeng
100 _aWheeler, John
245 4 _aThe appraiser, auctioneer, broker, house and estate agent, and valuer`s pocket assistant
250 _a6th rev
260 _aLondon
_bCrosby Lockwood & Son
_c1893
350 _a0
520 _aShelf 137
700 _aNorris, C.
942 _n0
948 _c04/03/1997
999 _c87296
_d87296